Sports Quiz

Random Sports or City Quiz

AHL Nicknames by City and Time Quiz Stats

 Plays Quiz not verified by Sporcle

Score 0/111 Timer 15:00
0 Plays Today
% Correct
Bears
77.8%
Checkers
69.8%
Crunch
68.3%
Admirals
68.3%
Admirals
68.3%
Phantoms
66.7%
Pirates
66.7%
Heat
65.1%
Rivermen
65.1%
Americans
63.5%
Marlies
63.5%
Wolves
63.5%
Rampage
61.9%
IceHogs
61.9%
Moose
61.9%
Bulldogs
61.9%
Aeros
61.9%
Bruins
61.9%
Penguins
60.3%
Sound Tigers
60.3%
Skipjacks
58.7%
Griffins
58.7%
Bisons
57.1%
Wolfpack
57.1%
Whale
57.1%
Ak-Sar-Ben Knights
57.1%
Red Wings
57.1%
River Rats
57.1%
Devils
57.1%
IceCaps
57.1%
Aces
57.1%
Reds
55.6%
Thoroughblades
55.6%
Mighty Ducks
55.6%
Saints
55.6%
Grizzlies
55.6%
Citadelles
54%
% Correct
Phantoms
54%
Devils
54%
Oilers
54%
IceCats
54%
Sharks
54%
Mariners
52.4%
Barons
50.8%
Indians
50.8%
Monarchs
50.8%
Stars
50.8%
Islanders
50.8%
Canadiens
50.8%
Canucks
50.8%
Comets
50%
Barons
49.2%
Hornets
49.2%
Lock Monsters
49.2%
Senators
49.2%
Blades
49.2%
Chops
49.2%
Senators
49.2%
Monsters
47.6%
Roadrunners
47.6%
Stars
47.6%
Falcons
46%
Swords
46%
Braves
46%
Dusters
46%
Rangers
46%
Roadrunners
46%
Maple Leafs
46%
Monarchs
44.4%
Voyageurs
44.4%
Panthers
44.4%
Saints
44.4%
Beast
42.9%
Capitals
42.9%
% Correct
Bandits
42.9%
Devils
42.9%
Wild
42.9%
Nighthawks
41.3%
Senators
41.3%
Stars
41.3%
Voyageurs
41.3%
Robins
41.3%
Whalers
41.3%
Barons
39.7%
Express
39.7%
Lions
38.1%
Flames
38.1%
Gulls
38.1%
Aces
36.5%
Firebirds
34.9%
Clippers
34.9%
Hawks
34.9%
Flames
34.9%
Kings
33.3%
Firebirds
33.3%
Citadels
33.3%
Canadiens
33.3%
Golden Flames
33.3%
Alpines
31.7%
Wings
30.2%
Falcons
27%
Ramblers
27%
Oilers
27%
Jets
27%
Flyers
25.4%
Mohawks
25.4%
Ramblers
22.2%
Warriors
20.6%
Rockets
14.3%
Eagles
12.7%
Eagles
9.5%

You're not logged in!

Compare scores with friends on all Sporcle quizzes.
OR
Log In

Show Comments

Extras

Top Quizzes Today


Score Distribution

Your Account Isn't Verified!

In order to create a playlist on Sporcle, you need to verify the email address you used during registration. Go to your Sporcle Settings to finish the process.

Report this User

Report this user for behavior that violates our Community Guidelines.

Details: